Представление документа в формате MARC21

Поле Инд. ПП Название Значение
Тип записи a
Библиографический уровень b
001 Контрольный номер UNIDUBNA20e60f76009e4245a4a38938e598c4e9
005 Дата корректировки 20260514202350.6
008 Кодируемые данные 20170331
040 b Код языка каталог. rus
e Правила каталог. PSBO
041 0_ a Код языка текста rus
084 a Индекс другой классификации/Индекс ББК 63.3(2)634-3ю14
100 1_ a Автор Долгополов Н.
e Роль лиц Долгополов Николай
245 10 a Заглавие "Постыдная статья сидит занозой..."
b Продолж. заглавия Постоянный автор "Родины" был в первом чернобыльском десанте советских репортеров
500 a Примечание Тема номера: 40 лет Чернобылю
520 0_ a Аннотация Автор признается в том, что от поездки в Чернобыль осталась "тяжелая память": "Получилось так, что пришлось отправиться в Чернобыль в первой группе журналистов, допущенных в закрытую 30-километровую зону. И ничего страшнее тех 17 дней командировки в моей не короткой жизни уже не будет".
650 14 a Основная рубрика внутренняя политика
a Основная рубрика журналистика
a Основная рубрика история
a Основная рубрика периодическая печать
a Основная рубрика публицистика
a Основная рубрика средства массовой информации (СМИ)
653 0_ a Ключевые слова XX век
a Ключевые слова авария на Чернобыльской АЭС
a Ключевые слова атомные электростанции (АЭС)
a Ключевые слова ликвидаторы последствий аварии на ЧАЭС
a Ключевые слова общественное мнение
a Ключевые слова пожарные
a Ключевые слова последствия чернобыльской катастрофы
a Ключевые слова Припять
a Ключевые слова Россия
a Ключевые слова советский период
a Ключевые слова СССР
a Ключевые слова Украина
a Ключевые слова Чернобыль
a Ключевые слова чернобыльская авария 26 апреля 1986
a Ключевые слова Чернобыльская АЭС
a Ключевые слова чернобыльская зона отчуждения
a Ключевые слова чернобыльцы
a Ключевые слова эвакуация населения
773 08 t Заглавие источника Родина
d Дата издания источника 2026
g Прочая информация № 4. - С. 34 - 39 : фот., ил.
w Контрольный № источника UNIDUBNAd3f1dc7f83864c1389850c509fe509f0
901 t Тип документа b